The Lords loud call to England: : being a true relation of some late, various, and wonderful judgments, or handy-works of God, by earthquake, lightening, whirlewind, great multitudes of toads and flyes; and also the striking of divers persons with sudden death, in several places; for what causes let the man of wisdome judge, upon his serious perusal of the book it self. Also of the strange changes, and late alterations made in these three nations. As also of the odious sin of drinking healths, with a brief of Mr. Pryns solid arguments against it, and his epistle to the late King Charls, to redress it. /

Bibliographic Details
Main Author: Jessey, Henry, 1603-1663
Format: eBook
Language:English
Published: London : Printed for L. Chapman, in Popes-head Alley, and for Fr. Smith at the Elephant and Castle neer Temple-Bar, 1660.
Series:Early English books online.
Subjects:
Online Access:Connect to the full text of this electronic book

MARC

Tag First Indicator Second Indicator Subfields
LEADER 00000nam a2200000 4500
001 in00004190121
005 20200806080341.0
006 m g d
007 cr bn |||a|bb|
008 930224s1660 enk o 00 eng d
035 |a (UnM)99883299 
037 |a CL2105000002  |b ProQuest Information and Learning. 300 N. Zeeb Rd., Ann Arbor, MI 48106 
040 |a Cu-RivES  |c Cu-RivES  |d CStRLIN  |d Cu-RivES  |e dcrb 
100 1 |a Jessey, Henry,  |d 1603-1663. 
245 1 4 |a The Lords loud call to England: :  |b being a true relation of some late, various, and wonderful judgments, or handy-works of God, by earthquake, lightening, whirlewind, great multitudes of toads and flyes; and also the striking of divers persons with sudden death, in several places; for what causes let the man of wisdome judge, upon his serious perusal of the book it self. Also of the strange changes, and late alterations made in these three nations. As also of the odious sin of drinking healths, with a brief of Mr. Pryns solid arguments against it, and his epistle to the late King Charls, to redress it. /  |c Published by H.J. a servant of Jesus the Christ, and lover of peace and holiness. 
260 |a London :  |b Printed for L. Chapman, in Popes-head Alley, and for Fr. Smith at the Elephant and Castle neer Temple-Bar,  |c 1660. 
300 |a 1 online resource ([1+] pages) 
336 |a text  |b txt  |2 rdacontent 
337 |a computer  |b c  |2 rdamedia 
338 |a online resource  |b cr  |2 rdacarrier 
500 |a H.J.=Henry Jessey. Cf. wing. 
500 |a A fragment; title page only. 
500 |a Reproduction of original in the British Library. 
510 4 |a Wing (2nd edition)  |c J694 
510 4 |a Madan  |c III, 2472 
510 4 |a Early English books tract supplement interim guide  |c Harl. 5921[104] 
533 |a Electronic reproduction.  |b Ann Arbor, Mich. :  |c UMI,  |d 1999-  |f (Early English books online)  |n Digital version of: (Early English books; Tract supplement ; E1:2[47b])  |7 s1999 miun s 
650 0 |a Omens  |x Early works to 1900. 
650 0 |a Toasts  |v Early works to 1800. 
651 0 |a Great Britain  |x History  |y Commonwealth and Protectorate, 1649-1660  |v Early works to 1800. 
655 0 |a Title pages  |z England  |y 17th cent. 
830 0 |a Early English books online. 
856 4 0 |u http://proxy.library.tamu.edu/login?url=https://search.proquest.com/docview/2240885318  |z Connect to the full text of this electronic book  |t 0 
999 f f |s c54c47bd-e0b9-3dec-91d0-7d46d1a857d5  |i 3047a87d-38c4-3be8-9c11-34f41a32158b  |t 0 
952 f f |a Texas A&M University  |b College Station  |c Electronic Resources  |d Available Online  |t 0  |h No information provided 
998 f f |t 0  |l Available Online